Pejsek je doma... : radosti a strasti se zvířecím kamarádem /

Hlavní autor: Sekaninová, Štěpánka
Další autoři: Wolf, Adam
Jazyk: Čeština
Vydáno: V Praze : Albatros, 2023
Vydání: 1. vydání
Témata:
psi
Fyzický popis: 39 stran : barevné ilustrace ; 27 cm
Knihy
Uloženo v:
LEADER 02034nam a2200541 i 4500
001 nkc20233577131
003 CZ PrNK
005 20240109130924.0
007 ta
008 231206s2023 xr a b 6 000 0 cze
015 |a cnb003577131 
020 |a 978-80-00-07116-9  |q (Albatros ;  |q vázáno) :  |c Kč 249,00 
035 |a (OCoLC)1420608266 
040 |a BOA001  |b cze  |e rda 
072 7 |a 636  |x Chov zvířat. Živočišná výroba  |2 Konspekt  |9 24 
072 7 |a 0/9-053.2  |x Literatura pro děti a mládež (naučná)  |2 Konspekt  |9 26 
080 |a 636.7  |2 MRF 
080 |a 636.08  |2 MRF 
080 |a (03/09)741.52  |2 MRF 
080 |a (0.053.2)  |2 MRF 
100 1 |a Sekaninová, Štěpánka  |7 ola2017959546  |4 aut 
245 1 0 |a Pejsek je doma... :  |b radosti a strasti se zvířecím kamarádem /  |c napsala Štěpánka Sekaninová ; ilustroval Adam Wolf 
250 |a 1. vydání 
264 1 |a V Praze :  |b Albatros,  |c 2023 
300 |a 39 stran :  |b barevné ilustrace ;  |c 27 cm 
336 |a text  |b txt  |2 rdacontent 
336 |a statický obraz  |b sti  |2 rdacontent 
337 |a bez média  |b n  |2 rdamedia 
338 |a svazek  |b nc  |2 rdacarrier 
500 |a Pro nakladatelství Albatros v Praze ve společnosti Albatros Media a.s. připravilo nakladatelství B4U Publishing 
521 8 |a Pro děti od 6 let 
650 0 7 |a psi  |7 ph115940  |2 czenas 
650 0 7 |a chov domácích zvířat  |7 ph119200  |2 czenas 
650 0 9 |a dogs  |2 eczenas 
650 0 9 |a keeping of domestic animals  |2 eczenas 
655 7 |a naučné komiksy  |7 fd1058479  |2 czenas 
655 7 |a publikace pro děti  |7 fd133156  |2 czenas 
655 9 |a nonfiction comics  |2 eczenas 
655 9 |a children's literature  |2 eczenas 
700 1 |a Wolf, Adam  |7 hka2014836824  |4 ill 
910 2 |a BOA001  |b 3-1517.268 
928 9 |a Albatros Media - Albatros 
928 9 |a Albatros Media - B4U Publishing 
928 9 |a B4U Publishing 
990 |a BK 
995 |a 01 
991 |b 202312  |c NOV 
996 6 |b 2610954332  |c 3-1517.268  |l MZK  |r Sklad / do 1 hodiny  |n 0  |p p.v.  |w 001946772  |u 000010  |a 1  |e BOA001  |j MZK50  |s P